[Event "EU-ch (Women) 17th"]
[Site "Mamaia"]
[Date "2016.05.31"]
[Round "5"]
[White "Bulmaga, Irina"]
[Black "Paehtz, Elisabeth"]
[Result "0-1"]
[WhiteElo "2360"]
[BlackElo "2489"]
[Annotator "Schulz,Andre"]
[PlyCount "142"]
[EventDate "2016.05.27"]
[EventType "swiss"]
[EventRounds "11"]
[EventCountry "ROU"]
[SourceTitle "CBM 172 Extra"]
[Source "ChessBase"]
[SourceDate "2016.06.21"]
[SourceVersion "1"]
[SourceVersionDate "2016.06.21"]
[SourceQuality "1"]

1. e4 c5 2. Nf3 e6 3. d4 cxd4 4. Nxd4 Nf6 5. Nc3 Nc6 6. Ndb5 d6 7. Bf4 e5 8.
Bg5 a6 9. Na3 b5 10. Nd5 Be7 11. Bxf6 Bxf6 12. c4 Nd4 $5 ({Die viel gespielte
Hauptvariante ist} 12... b4 13. Nc2 a5) 13. cxb5 Bb7 {Im Stile des
Wolgagambits.} ({früher spielte man} 13... O-O 14. bxa6 Bg5) 14. b6 {Diesen
Zug kennt man auch aus dem Wolgagambit, hier macht das aber weniger Sinn.} (14.
bxa6 Bxd5 15. exd5 Qa5+ 16. Qd2 Qxd5 17. Bb5+ $2 (17. Nc2 $11) 17... Ke7 {
ist gut für Schwarz.} 18. O-O $4 Nf3+) (14. Bc4 axb5 15. Bxb5+ Kf8 16. Bc4
Qa5+ 17. Qd2 Bd8 18. Qxa5 Bxa5+ 19. Kd1 f5 20. f3 g6 21. Nb5 Nxb5 22. Bxb5 Kg7
23. Ke2 Rhf8 24. Bc4 Rac8 25. Rhc1 fxe4 26. fxe4 Rf7 27. a4 h5 28. Rab1 Bd8 29.
Rc3 Bxd5 30. Bxd5 Rxc3 31. bxc3 Ra7 32. Rb8 Bc7 33. Rg8+ Kh6 34. Rc8 Bb6 35.
Rb8 Bg1 36. h4 Rxa4 37. Rh8+ Kg7 38. Rg8+ Kh7 39. Ra8 Rxa8 {1/2-1/2 (38)
Nisipeanu,L (2681)-Muzychuk,A (2523) Wijk aan Zee 2010}) (14. Nc3 $5 O-O 15.
bxa6 Rxa6 16. Nc4 Bg5 17. Ne3 Rb6 18. b3 Bxe3 19. fxe3 Ne6 20. Bc4 Qh4+ 21. g3
Qh3 22. Qd3 Nc5 23. Qf1 Qh6 24. Qf3 Nxe4 25. Nxe4 d5 26. Nc5 Qd6 27. Nxb7 Qb4+
28. Ke2 dxc4 29. Qe4 Rxb7 30. Qxc4 Qa3 31. Rhc1 Rb6 32. Rc2 Rf6 33. Rf1 Rxf1
34. Kxf1 Qa8 35. Qc6 Qd8 36. Kg2 Qd3 37. e4 h5 38. Qc4 Qd7 39. Qd5 Qe7 40. Qc5
Qe6 41. Qd5 Qe7 42. Rf2 h4 43. a4 Qg5 44. Qd2 Qg4 45. Qe2 h3+ 46. Kg1 Qe6 47.
Qc4 Qg4 48. Qe2 Qe6 49. Qc4 Qg4 {1/2-1/2 (48) Paehtz,E (2471)-Lujan,M (2366)
Dresden 2008}) 14... Bxd5 15. exd5 Qxb6 16. Qa4+ (16. Bd3 Qa5+ 17. Qd2 Qxd5 18.
O-O O-O 19. Qe3 Qe6 20. Rae1 d5 21. f3 g6 22. Nb1 Rab8 23. b3 Rfc8 24. Rf2 Bg7
25. h4 Rc6 26. Qd2 Rbc8 27. Qa5 Bh6 28. Kf1 Bf4 {0-1 (27) Paikidze,N (2310)
-Elliott,W (2265) Bridgetown 2009}) 16... Ke7 {Schwarz hat einigen
Entwicklungsvorsprung.} 17. Bd3 {[#]} Rhb8 ({In Betracht kam} 17... Qxb2 $5 18.
O-O Qc3) ({Ein starker (Computer)-Zug ist} 17... e4 $1 {denn nach} 18. Bxe4 $2
(18. Bc4 a5 19. O-O Qb4 $17) 18... Qxb2 19. O-O Ne2+ 20. Kh1 Nc3 21. Qa5 Rhc8 (
21... Nxe4 22. Rae1 $11) {gefolgt von} 22. Z0 Kf8 {kommt die weiße Da5 in
Schwierigkeiten. Es droht Tc5.}) 18. O-O Qb4 (18... Qxb2 19. Rfb1 Qc3 20. Bf1
a5 $15) 19. Qxb4 Rxb4 20. Rac1 Kf8 21. b3 a5 22. Nc2 Nxc2 23. Rxc2 Rd4 24. Be2
a4 25. Rb1 Rb8 26. Bc4 axb3 27. axb3 Bd8 28. Ra1 Bb6 {Schwarz hat das bessere
Endspiel. Der weiße Lc4 deckt zwar die beiden Bauern, wird dadruch aber
selber zum Bauern.} 29. g3 g5 30. Kf1 Bc5 31. Ke2 Kg7 32. Rd2 {Weiß gibt
einen Bauern und hofft auf den Faktor "ungleiche Läufer".} Rxd2+ 33. Kxd2 Bxf2
34. g4 Bc5 35. Ra4 {[#]} f5 $1 36. gxf5 Kf6 37. Bd3 Rxb3 38. Kc2 Rb8 39. h3 h5
40. Ra1 {Gibt die 4. Reihe auf, aber das Endspiel ist schwer zu verteidigen.
Schwarz verwertet seinen Vorteil nun auf technisch überzeugende Weise.} (40.
Rc4 Bd4 $19) 40... Rb4 41. Ra8 e4 42. Be2 Kxf5 43. Bxh5 Ke5 44. Bf7 Bd4 45. Ra2
Rc4+ 46. Kd2 Rc3 47. Be6 Rg3 48. Rc2 Kf4 49. Bg4 Bc5 50. Ke2 Re3+ 51. Kf1 Rd3
52. Be6 Rf3+ 53. Ke2 Rg3 54. Bg4 Ke5 55. Be6 Be3 56. Kf1 Kd4 57. Rg2 Rf3+ 58.
Ke2 Bf4 59. Rg1 Re3+ 60. Kf2 Rd3 61. Ra1 Rd2+ 62. Kf1 e3 63. Bg4 {Idee Td1.}
Rf2+ 64. Ke1 Kxd5 65. Ra5+ Kd4 66. Ra4+ Ke5 67. Ra5+ d5 68. Be2 Rh2 69. Bf3 {
[#]} Bg3+ 70. Kd1 Rd2+ 71. Kc1 e2 0-1

[Event "EU-ch 15th"]
[Site "Yerevan"]
[Date "2014.03.04"]
[Round "2"]
[White "Gabrielian, Artur"]
[Black "Polgar, Judit"]
[Result "1/2-1/2"]
[WhiteElo "2560"]
[BlackElo "2693"]
[Annotator "Schulz,Andre"]
[PlyCount "142"]
[EventDate "2014.03.03"]
[EventType "swiss"]
[EventRounds "11"]
[EventCountry "ARM"]
[SourceTitle "CBM 160"]
[Source "ChessBase"]
[SourceDate "2014.05.15"]
[SourceVersion "1"]
[SourceVersionDate "2014.05.15"]
[SourceQuality "1"]

1. e4 c5 2. Nf3 Nc6 3. d4 cxd4 4. Nxd4 Nf6 ({Genauer ist} 4... Qb6 {weil hier
Le3 keine Option ist.}) 5. Nc3 Qb6 {Wie so viele Ideen im Sizilianer stammt
auch diese von Louis Paulsen. Sie geriet dann aber in Vergessenheit und wurde
in den 1960er Jahren von Istvan Polgar, auch in dieser Zugfolge, wieder
aufgegriffen. Anfang der 1990 hat Efstratios die Variante, allerdings schon
mit 4...Db6 populär gemacht. Hin und wieder spielt auch Judit Polgar so.} 6.
Nb3 ({Die kritische Fortsetzung bei der von Schwarz gewählten Zugfolge ist} 6.
Be3 {und nun ist wohl} a6 {am besten.} (6... Ng4 7. Nd5 Nxe3 8. fxe3 Qa5+ 9. b4
Nxb4 10. Nb3 Qa3 11. Nc7+ Kd8 12. Nxa8 Nc6 13. Qd2 $18) (6... Qxb2 7. Ndb5 Qb4
8. Bd2 Rb8 9. Rb1 Qa5 10. e5 Nxe5 11. Qe2 d6 12. f4 $18) 7. Nb3 Qc7 8. Nd5 Nxd5
9. exd5 Ne5 10. Qd4 $14) 6... e6 7. Bd3 (7. Be3 Qc7 8. Bd3 {ist Zugumstellung.}
) 7... Be7 8. Be3 Qc7 9. f4 d6 10. Qf3 O-O ({Vorsichtiger ist} 10... a6 11.
O-O-O b5 {um mit dem König erst einmal im Zentrum zu bleiben.} 12. g4 Nd7 13.
g5 Bb7 14. Kb1 Nb4) 11. g4 ({Nach dem hier zumeist gespielten} 11. O-O {
hat Schwarz keine besonderen Schwierigkeiten.}) 11... Nb4 12. g5 Nd7 13. O-O-O
b6 (13... Nxd3+ 14. Rxd3 b6 15. Nd4 Bb7 16. Ndb5 Qc6 17. Bd4 Nc5 18. Re3 Nxe4
19. Rxe4 a6 20. Qh5 axb5 21. Bxg7 Kxg7 22. f5 exf5 23. Qh6+ Kh8 24. g6 Bg5+ 25.
Qxg5 fxg6 26. Ree1 Qxh1 27. Rxh1 Bxh1 28. Qg1 Bc6 29. Qxb6 Rac8 30. Qd4+ Kg8
31. Ne2 Rfe8 32. Nf4 Rcd8 33. a4 Re4 34. Qf6 Rde8 35. Qxd6 Re1+ 36. Kd2 Bf3 37.
Qf6 bxa4 38. h4 R1e7 39. Qd6 Rf7 40. c4 Rb7 41. Qf6 Rc7 42. Qd4 Rec8 43. Ne6
Re7 44. Qd6 Rce8 {1/2-1/2 (44) Olszewski,M (2526)-Shishkin,V (2485) Police 2012
}) ({Besser scheint} 13... a6 $5 14. Kb1 b5 15. Nd4 Nxd3 16. cxd3 b4 $11) 14.
Kb1 Bb7 15. Nd4 Nxd3 16. cxd3 Rfe8 17. h4 Bf8 18. h5 {Die beiden weißen
Flügelbauern erweisen sich als sehr schnell, während der schwarze
Gegenangriff noch in den Kinderschuhen steckt.} Rac8 19. Ncb5 Qd8 20. g6 {
Touchdown!} f5 {Ihrem Naturell entsprechend verteidigt sich die Ungarin
offensiv, aber Weiß hat schon heftigen Angriff.} (20... a6 21. h6 hxg6 (21...
fxg6 22. hxg7 Bxg7 23. Nxd6 $18) 22. hxg7 Bxg7 23. Nxd6 Nc5 24. Nxe8 Qxe8 25.
Qh3 Nxe4 $5 26. f5 $1 (26. dxe4 Bxe4+ 27. Ka1 Bxh1 28. Rxh1 $13) {mit der Idee}
26... exf5 27. Qh7+ Kf8 28. Bh6 $18) 21. h6 Nf6 22. gxh7+ ({Sehr stark war} 22.
Rhg1 $1) 22... Kh8 ({Nach} 22... Nxh7 {bricht Schwarz im Nu zusamnmen:} 23.
hxg7 ({oder} 23. Rdg1) 23... Bxg7 24. Rdg1 Nf6 25. Qg3 Ng4 26. exf5 $18) 23.
hxg7+ ({Stark war} 23. Rdg1 Qd7 (23... Ng4 24. Rxg4 fxg4 25. Qxg4 $18) 24.
hxg7+ Bxg7 25. Rxg7 Qxg7 26. Rg1 Qe7 27. Qg3 {droht u.a. Sxe6} fxe4 28. Nxd6
$18) ({Oder auch} 23. Rhg1) 23... Bxg7 24. Qg3 ({Einfacher war} 24. Rdg1 Qd7 (
24... Ng4 25. Rxg4 $18) 25. Rxg7 Qxg7 26. Rg1 $18) 24... Ng4 {Das ist der
Unterschied. Mit einem Turm auf der g-Linie könnte man den Springer
rausschlagen.} 25. Rhg1 $5 (25. exf5 Nxe3 26. Rhg1 Qf6 27. Qxe3 exf5 28. Qf2 {
ist nicht mehr so klar.}) ({Aber} 25. Nf3 {mit der Idee Sh4-g6, gewann immer
noch, z.B.:} Bf6 26. Bd4 Bxd4 27. Nbxd4 Qf6 28. Nb5 Rcd8 29. Nxd6 Rxd6 30. e5)
25... Qd7 {Nun hat Schwarz die Stellung wieder unter Kontrolle.} 26. Nc3 Ba6
27. Qh3 Rc7 28. Rxg4 $6 {Weiß hat nun die richtige Idee gefunden, doch zum
Gewinn reicht das nicht mehr.} fxg4 29. Qxg4 Bxd4 30. Bxd4+ $1 {Erzwingt
Damentausch.} e5 31. Qxd7 Rxd7 32. Be3 exf4 33. Bxf4 ({Nach Rückgewinn der
Qualität} 33. Bd4+ Kxh7 34. Nd5 Rf8 35. Nf6+ Rxf6 36. Bxf6 Kg6 37. Bc3 d5 $15
{behält Schwarz das etwas schlechtere Endspiel. Trotzdem war diese
Fortsetzung besser.}) 33... Rf8 34. Be3 (34. Ne2 $5) 34... Rf3 ({Schwarz
verpasst} 34... Rf1 $1 35. Bd4+ Kxh7 36. Kc2 Rxd1 37. Nxd1 d5 $17) 35. Bd4+
Kxh7 36. Kc2 Rg3 37. b4 {Mit einem Bauern für die Qualität und Bauern an
einem Flügel hält Weiß hier ohne große Mühe remis.} Rc7 38. a4 Kg6 39. b5
Bc8 40. Rf1 Rg2+ 41. Rf2 Rxf2+ 42. Bxf2 Kf6 43. a5 bxa5 44. b6 axb6 45. Bxb6
Rh7 46. Nd5+ Ke6 47. Bxa5 Bb7 48. Ne3 Rh3 49. Bb6 Ba6 50. Kc3 Kd7 51. Bd4 Kc6
52. Ba7 Bb5 53. Bd4 Rf3 54. Ba7 Rf8 55. Bd4 Ra8 56. Nc2 Kd7 57. Be3 Ra2 58. Kb3
Ra8 59. Kc3 Rc8+ 60. Kd2 Rh8 61. Bd4 Rh2+ 62. Kc3 Ba4 63. Ne3 Re2 64. Kb4 Bc6
65. Kc3 Bb5 66. Nd5 Ra2 67. Nf4 Kc6 68. Be3 Ra4 69. Kd2 Ra3 70. Bd4 Ra2+ 71.
Ke3 Ra3 1/2-1/2

[Event "Linares 12th"]
[Site "Linares"]
[Date "1994.??.??"]
[Round "4"]
[White "Shirov, Alexei"]
[Black "Illescas Cordoba, Miguel"]
[Result "1-0"]
[WhiteElo "2705"]
[BlackElo "2590"]
[Annotator "Shirov,A"]
[PlyCount "61"]
[EventDate "1994.02.??"]
[EventType "tourn"]
[EventRounds "13"]
[EventCountry "ESP"]
[EventCategory "18"]
[SourceTitle "CBM 040"]
[Source "ChessBase"]
[SourceDate "1994.06.01"]
[SourceVersion "1"]
[SourceVersionDate "1994.06.01"]
[SourceQuality "1"]

1. e4 {Chekhov Ftacnik Horvath,T} c5 2. Nf3 Nc6 3. d4 cxd4 4. Nxd4 e5 5. Nb5 d6
6. N1c3 a6 7. Na3 b5 8. Nd5 Nf6 9. Bg5 Be7 10. Bxf6 Bxf6 11. c3 O-O (11... Bb7
{Chekhov} 12. Bd3 $6 $146 (12. Nc2) 12... Nb8 13. Nc2 Nd7 14. a4 bxa4 15. Rxa4
Bg5 16. O-O O-O 17. Ra2 a5 18. Bc4 Nb6 $1 $10 {Beliavsky,A-Shirov,A/Linares(1)/
1994/0,5 (56)/}) 12. Nc2 Rb8 13. a3 $5 (13. h4 {Ftacnik} g6 (13... Ne7 14. Nce3
Nxd5 15. Nxd5 Bb7 16. g3 b4 17. c4 Bxd5 18. Qxd5 Qb6 19. Rd1 Bd8 20. Qxd6 b3
21. a3 Qa7 22. Rd5 Be7 23. Qxe5 Bf6 $13 {Smagin,S-Gorelov,S/URS/1982/}) 14. Qd2
Bg7 15. h5 Be6 16. Nce3 Ne7 17. g3 Nxd5 18. Nxd5 Rc8 19. Rd1 Rc5 20. Ne3 Rc6
21. b3 Qa8 22. Bh3 {Shmuter,L-Beshukov,S/Sochi/1993/}) 13... a5 (13... Ne7 $5 {
Horvath,T} 14. Nxf6+ gxf6 15. Ne3 f5 $13) (13... Be6 {Chekhov} 14. Ncb4 $1 Nxb4
15. axb4 $16) 14. h4 $1 g6 (14... Ne7 15. Nce3 Nxd5 16. Nxd5 Be6 (16... Bb7 $2
17. Bxb5) 17. g3 (17. Nxf6+ Qxf6 18. Qxd6 Rfd8 $44) 17... Qd7 18. Bg2 Bd8 19.
O-O Bb6 $10 {Kasparov,G-Kramnik,V/Moscow PCA 25'/1994/ (0,5)}) (14... Be6 {
Chekhov} 15. Nxf6+ Qxf6 16. Qxd6) (14... Kh8 $5 {Chekhov}) 15. g3 (15. Nce3 {
Chekhov} b4 $5) (15. h5 {Chekhov} Bg5) 15... Bg7 (15... h5 $5 16. Bh3 Be6 (
16... Bxh3 17. Rxh3 Bg7 18. g4 $1 $14) 17. Nce3 Bg7 18. g4 $1 Qxh4 19. gxh5
Bxd5 (19... Qxe4 $6 20. Bg2 Qa4 21. b3 $18) (19... Bxh3 20. Qf3) 20. Bg2 Qg5
21. Qxd5 Ne7 22. Qd1 $40) 16. h5 Ne7 (16... Be6 {Horvath,T} 17. hxg6 hxg6 18.
Nce3 b4 19. cxb4 axb4 20. a4 Nd4 21. Bc4 $14) (16... Qg5 {Ftacnik} 17. Bh3 Be6
18. hxg6 hxg6 19. Nce3 Rb7 20. Qd3 Rfb8 21. Rd1 Bf8 22. Qf1 f5 $10 {Borm,
F-King,D/Amsterdam/1982/}) 17. hxg6 hxg6 (17... fxg6 18. Bh3 $16 (18. Nce3 {
Chekhov} Kh8 19. Bh3 Bb7)) 18. Nce3 Nxd5 19. Nxd5 Be6 20. Bh3 Bxd5 $2 (20...
Qd7 21. Bxe6 fxe6 22. Ne3 Qf7 (22... Rbd8 {Chekhov} 23. Qg4 Qf7) 23. Qe2 d5 24.
Rd1 dxe4 $140 25. Rh4 $1 $16) (20... Qg5 $5 {Ftacnik}) (20... f5 {Chekhov} 21.
exf5 gxf5 22. Bg2 {/\Qh5|^/}) 21. Qxd5 Qc7 (21... Qb6 $5) 22. O-O Rfd8 23. Rfd1
Bh6 (23... Kf8 $16) (23... Qc5 {Ftacnik} 24. Bf1 $1 {xb5}) (23... Bf8 {Chekhov}
24. Bf1 Qb6) 24. Bf1 Qb7 $2 (24... Qd7 25. b4 $1 axb4 26. axb4 $16) (24... Qb6
25. Qb3 a4 26. Qc2 {/\ Rd5+/-}) (24... Qc5 25. Rd3 $16) 25. Qxb7 Rxb7 26. Rd5
b4 (26... Rdb8 {Ftacnik} 27. Rxd6 $16) 27. cxb4 axb4 28. a4 Kf8 29. a5 Bg5 $6 (
29... Ke7 {Chekhov} 30. a6 Ra7 31. Rb5 Bd2 32. Rd1 $18) 30. a6 Rb6 (30... Ra7 {
Ftacnik} 31. Ra4 b3 32. Rb4 $18) 31. Rb5 1-0

[Event "Bundesliga 9192"]
[Site "Germany"]
[Date "1992.??.??"]
[Round "?.2"]
[White "Luther, Thomas"]
[Black "Shirov, Alexei"]
[Result "0-1"]
[WhiteElo "2490"]
[BlackElo "2655"]
[Annotator "Shirov,A"]
[PlyCount "58"]
[EventDate "1991.10.12"]
[EventType "team-tourn"]
[EventRounds "15"]
[EventCountry "GER"]
[SourceTitle "CBM 032"]
[Source "ChessBase"]
[SourceDate "1993.02.01"]
[SourceVersion "1"]
[SourceVersionDate "1993.02.01"]
[SourceQuality "1"]
[WhiteTeam "Sindelfingen"]
[BlackTeam "Hamburger SK"]
[WhiteTeamCountry "GER"]
[BlackTeamCountry "GER"]

1. e4 c5 2. Nf3 e6 3. d4 cxd4 4. Nxd4 Nf6 5. Nc3 Nc6 6. Ndb5 d6 7. Bf4 e5 8.
Bg5 a6 9. Na3 b5 10. Bxf6 gxf6 11. Nd5 f5 12. Bd3 Be6 13. Qh5 Rg8 14. c3 Rxg2
$5 15. Qf3 Rg4 16. exf5 (16. h3 Rh4 17. exf5 Bxd5 18. Qxd5 Ne7 19. Qg2 Bh6 $13)
16... Bxd5 17. Qxd5 Ne7 18. Qb7 $1 (18. Qf3 $2 Rf4 $17) 18... Bh6 19. Nc2 Kf8 {
/\ 20...Rb8 21.Qa6? Ra4} (19... Rb8 20. Qxa6 Qd7 21. Nb4) 20. Rd1 (20. Ne3 $1
Bxe3 21. fxe3 Ng8 22. f6 $1 Nxf6 23. Rf1 Rb8 (23... Kg8 $6 24. Bf5 $1 Rc4 25.
Be6 Rc7 26. Qg2+ Kh8 27. Rxf6 fxe6 28. O-O-O $1 Rg7 29. Qf3 $16) 24. Qf3 e4 25.
Qxf6 Qxf6 26. Rxf6 exd3 27. O-O-O $10) 20... Rb8 (20... Bg5 $2 21. Be2 {/\ Rd6}
) 21. Qf3 Rf4 22. Qh3 Bg5 23. Ne3 (23. Rg1 Bh4 24. Rg4 Nd5 $1) 23... e4 24. Qg3
$2 (24. Be2 d5 25. Rg1 (25. O-O $6 Rb6 $17) 25... Bh4 26. Rg3 $1 (26. Rg2 Qb6
$1 27. Kf1 (27. Rd4 Rd8 $1 {/\ ...Rd8-d6-/+}) 27... Nxf5 $1 28. Nxf5 Rxf2+ 29.
Ke1 (29. Kg1 $2 Rf3+ $19) 29... Rxg2+ 30. Qxh4 b4 $1 $40) 26... Qb6 27. Bg4 $1
(27. Rd4 Rd8) 27... Qf6 $1 28. Ng2 Bxg3 29. hxg3 Rxg4 30. Qxg4 b4 31. Qf4 $15)
24... Nxf5 25. Nxf5 Rxf5 26. Bxe4 Qe7 $19 27. O-O (27. Qxd6 Qxd6 28. Rxd6 Re8
29. Rd4 Rf4 30. f3 f5 31. Rd5 Bh4+ $19) (27. Rd4 Bh4 $19) 27... Qxe4 28. Qxd6+
Kg7 29. Qxb8 Bf4 0-1

[Event "Linares 12th"]
[Site "Linares"]
[Date "1994.??.??"]
[Round "1"]
[White "Beliavsky, Alexander G"]
[Black "Shirov, Alexei"]
[Result "1/2-1/2"]
[WhiteElo "2650"]
[BlackElo "2715"]
[Annotator "Shirov,A"]
[PlyCount "112"]
[EventDate "1994.02.??"]
[EventType "tourn"]
[EventRounds "13"]
[EventCountry "ESP"]
[EventCategory "18"]
[SourceTitle "CBM 040"]
[Source "ChessBase"]
[SourceDate "1994.06.01"]
[SourceVersion "1"]
[SourceVersionDate "1994.06.01"]
[SourceQuality "1"]

1. e4 c5 2. Nf3 e6 3. d4 cxd4 4. Nxd4 Nf6 5. Nc3 Nc6 6. Ndb5 d6 7. Bf4 e5 8.
Bg5 a6 9. Na3 b5 10. Nd5 Be7 11. Bxf6 Bxf6 12. c3 Bb7 (12... Ne7 13. Nc2 (13.
Nxf6+ gxf6 14. Nc2 Bb7 15. Bd3 d5 16. exd5 Qxd5 17. Ne3 Qe6 18. Qh5 O-O-O $5 (
18... e4 19. Bc2 f5 20. g3 $16) 19. Bc2 Kb8 20. Bb3 Nd5 21. O-O-O Nf4 22. Bxe6
Nxh5 23. Bxf7 Nf4 24. f3 e4 $44 {Sonntag-Manik/Hlohovec/1994/})) (12... O-O 13.
Nc2 Rb8 14. a3 a5 15. h4 $1 {Shirov,A-Illescas Cordoba,M/Linares/1994/}) 13.
Bd3 Nb8 $1 14. Nc2 Nd7 15. a4 $5 (15. Nce3) 15... bxa4 16. Rxa4 Bg5 $1 (16...
Rb8 17. Nxf6+ Nxf6 (17... Qxf6 $6 18. Bxa6 $16 {/\} Bc6 $2 19. Rc4 Nc5 20. b4
$1 Nxe4 21. Qf3 $18) 18. O-O $14) 17. O-O O-O 18. Ra2 a5 $6 (18... Nc5 $6 19.
b4 $1 Bxd5 20. exd5 Nxd3 21. Qxd3 $14 {><a6}) (18... Nb6 $10) 19. Bc4 $1 Nb6 (
19... Nc5 20. Qe2 $14) 20. Nxb6 Qxb6 21. Qd3 Rac8 22. Rd1 (22. Rfa1 $142 Rc5
23. b3 $1 {/\ Ne3} (23. b4 axb4 24. cxb4 Rc7 $13)) 22... Rfd8 23. b3 g6 $1 24.
Rda1 $6 (24. Ne3 Bxe3 25. fxe3 Kg7 $13) 24... Rc5 25. Ne3 Bxe3 26. Qxe3 Bxe4 $3
$15 27. Bxf7+ $1 (27. Rxa5 $2 Rxa5 28. Qxb6 Rxa1+ 29. Bf1 Rd7 $17) (27. Qxe4 $6
d5 28. Bxd5 Rcxd5 29. Qc2 e4 $1 $17) 27... Kxf7 28. Qxe4 Qxb3 29. Qh4 $1 Rh8
30. Qh3 Rd5 $6 (30... Qb5 $142 $15 {Beliavsky,A}) 31. Qf3+ Kg7 32. Ra3 $1 Qb5
33. Rxa5 $6 (33. c4 $142 $5 Qxc4 34. Rc3 Qd4 35. Rc7+ Kh6 $13) 33... Qxa5 34.
Rxa5 Rxa5 35. Qb7+ Kf6 (35... Kh6 36. h4 $1 {/\} Rf8 $2 37. f3 $1 {/\ g4+-})
36. h4 Rc5 $6 (36... h5 $142 $13) 37. Qd7 $1 Rd5 $8 38. g4 h6 $8 39. c4 $6 (39.
Kg2 $142 Rd3 $1 (39... Rf8 $6 40. Qh7 $1) 40. c4 Rd4 41. f3 Ra8 $1 $10) 39...
Rd4 40. Kg2 Rf8 41. f3 $1 $10 Rf7 42. g5+ hxg5 43. hxg5+ Kg7 44. Qh3 Rd2+ 45.
Kg1 Rf5 46. Qh6+ Kf7 47. Qh7+ Kf8 48. Qxg6 $1 Rxf3 49. Qh6+ Ke7 50. g6 $1 Rg3+
51. Kf1 Rd1+ 52. Kf2 Rdg1 53. Qg7+ (53. Qh4+ $5 Ke6 54. Qxg3 Rxg3 55. Kxg3 Kf6
56. Kf3 Kxg6 57. Ke4 Kf6 58. Kd5 Ke7 59. c5 dxc5 60. Kxe5 $10) 53... Kd8 54.
Qf8+ Kc7 55. Qe7+ Kc6 56. Qe8+ Kc7 (56... Kc7 57. Qe7+ $10) (56... Kc5 $4 57.
Qb5+ Kd4 58. Qd5+ Kc3 59. c5 $1 $18) 1/2-1/2

[Event "Oakham YM"]
[Site "Oakham"]
[Date "1992.??.??"]
[Round "5"]
[White "Tiviakov, Sergei"]
[Black "Shirov, Alexei"]
[Result "0-1"]
[WhiteElo "2575"]
[BlackElo "2655"]
[Annotator "Shirov,A"]
[PlyCount "74"]
[EventDate "1992.03.??"]
[EventType "swiss"]
[EventRounds "9"]
[EventCountry "ENG"]
[SourceTitle "CBM 030"]
[Source "ChessBase"]
[SourceDate "1992.10.01"]
[SourceVersion "1"]
[SourceVersionDate "1992.10.01"]
[SourceQuality "1"]

1. e4 {Anand Blatny,P} c5 2. Nf3 Nc6 3. d4 cxd4 4. Nxd4 Nf6 5. Nc3 e5 6. Ndb5
d6 7. Bg5 a6 8. Na3 b5 9. Nd5 Be7 10. Bxf6 (10. Nxe7 {Blatny,P} Nxe7 {-->
Wolff,P-Kuijf,M/Wijk/1992/ ->CBM 28}) 10... Bxf6 11. c3 O-O (11... Bg5 {
Blatny,P} 12. Nc2 O-O 13. a4 bxa4 14. Rxa4 {--> Morris-Hoxie, New York op 1991
CBM}) 12. Nc2 Bb7 (12... Rb8 {Blatny,P Sveshnikov}) (12... Nb8 {Blatny,P} 13.
a4 bxa4 14. Nce3 Nd7 15. Qxa4 Bg5 16. Qc2 Bxe3 17. Nxe3 Nf6 $10 {
Geller-Gurgenidze, USSR ch 1985}) 13. Be2 (13. a4) (13. a4 {Blatny,P} bxa4 14.
Rxa4 Nb8 15. Bc4 (15. Be2 Nd7 16. Bg4 Nc5 17. Rc4 a5 $19) 15... Nd7 16. Ra2 Bg5
17. O-O a5 18. Qe2 g6 {/\Kg7,f5}) 13... Bg5 (13... Nb8 {Blatny,P} 14. Qd3 Nd7
15. Rd1 Nc5 16. Qf3 Bg5 17. Nce3 Bxe3 18. Qxe3 Rc8 19. Bg4 Rb8 20. O-O {
+/=/= Cseshkovsky-Gurgenidze/URS-ch/1982}) 14. O-O (14. a4 $142 {better}) 14...
Nb8 $1 15. Qd3 (15. a4 bxa4 16. Rxa4 Nd7 17. b4 Nb6 $15) (15. Bg4 $5) (15. Bg4
{Blatny,P} Ra7 (15... Nd7 16. Bxd7 Qxd7 17. Nb6 Qc6 18. Nxa8 Qxe4 19. f3 Qc6
$44) 16. Qd3 Nd7 17. Bxd7 Qxd7 18. Rad1 a5 19. Qg3 Qd8 $13 {Novik-Chekhov,
Leningrad 1991}) 15... Nd7 16. Rfd1 Nc5 17. Qf3 g6 18. Nce3 Kh8 (18... f5 $2
19. exf5 gxf5 20. Nxf5 e4 $2 21. Nde7+ $1 (21. Qg4 $2 Rxf5 $1 22. Qxf5 Bc8 23.
Nf6+ Bxf6 24. Qd5+ Be6 25. Qxd6 Qxd6 26. Rxd6 Kf7 $17) 21... Bxe7 22. Qg4+ Kf7
(22... Bg5 23. Rxd6 $18) 23. Qg7+ Ke8 (23... Ke6 24. Nxe7 Qxe7 25. Bg4+ $18)
24. Bh5+ Kd7 25. Rxd6+ $18) (18... Bxe3 {Blatny,P} 19. Qxe3 f5 20. exf5 gxf5
21. f4) 19. Bf1 Ra7 $5 (19... f5 $6 20. exf5 gxf5 21. Nxf5 Bc8 22. g4 $14) 20.
b4 (20. g3 f5 $3 21. exf5 gxf5 22. Nxf5 e4 23. Qg4 Rxf5 24. Qxf5 Bc8 $19) 20...
Ne6 $6 (20... Na4 $142 {Tiviakov} 21. c4 Nb2 22. Re1 $8 (22. Rd2 Nxc4 23. Nxc4
bxc4 24. Rdd1 Bxd5 25. Rxd5 Rc7 $17) (22. Rdc1 f5 $1 23. cxb5 fxe4 24. Qxe4
axb5 25. Bxb5 Bxd5 26. Qxd5 Raf7 $17) (22. Rdb1 Nxc4 23. Bxc4 (23. Nxc4 Bxd5
24. exd5 (24. Nxd6 $5 Qxd6 25. Rd1 $17) 24... bxc4 25. Bxc4 e4 $1 $17) 23...
bxc4 24. Nxc4 Bxd5 25. exd5 e4 26. Qxe4 Bf6 27. Nb2 Re8 $17) 22... Nxc4 23.
Bxc4 bxc4 24. Nxc4 Bxd5 25. exd5 f5 26. Na5 e4 $13) 21. a4 bxa4 22. Rxa4 f5 23.
Ra5 $5 (23. Bc4 $5) (23. Rda1 Bf4 24. exf5 gxf5 $13 25. Bxa6 $2 Rxa6 26. Rxa6
Bxe3 27. fxe3 Ng5 28. Qd1 Nh3+ $3 29. Kf1 (29. gxh3 Rg8+ 30. Kh1 $2 (30. Kf1
Qh4 $19 {= 29.Kf1}) 30... Qg5 31. Qf3 Qxe3 $3 $19) 29... Qh4 30. gxh3 (30. R6a2
Ba6+ $3 $19) (30. Qd2 Bxd5 $19) 30... Rg8 $1 31. R6a2 (31. Qf3 Bxa6+ 32. Rxa6
Qc4+ 33. Qe2 Qxd5 $19) 31... Qe4 $1 $19) (23. exf5 {Blatny,P} gxf5 24. Nxf5 Nf4
$19 (24... Nf4 $1 {Anand} 25. Qe3 Ra8 (25... Bxd5 26. Qxa7 Rxf5 27. Rxa6) 26.
Nxf4 Rxf5 $19)) (23. Rda1 $5 {Blatny,P /\Ba6}) 23... Bh4 $1 24. exf5 gxf5 25.
Nxf5 (25. Rd2 {Blatny,P} Ng5 26. Qd1 Ne4 $36) (25. Rda1 {Blatny,P} Ng5 26. Qd1
Ne4 $36) (25. g3 {Anand} f4 $40) 25... Nf4 {[#]} 26. Nxh4 $2 (26. Qe3 $1 Rxf5
27. Qxa7 Nh3+ $1 (27... Bxd5 $2 28. g3 $1 $18) 28. gxh3 Qg8+ (28... Bxf2+ $2
29. Qxf2 Rxf2 30. Kxf2 $18) 29. Bg2 (29. Kh1 $2 Bxf2) 29... Rg5 30. Qxb7 Rxg2+
31. Kh1 Bxf2 32. Qb8 $8 Qxb8 33. Kxg2 Bh4 $13) (26. Qe3 $142 {Blatny,P}) 26...
Nxd5 $1 27. Qh5 (27. Qg3 Nf4 {/\ ...Rg8} (27... Rg8 {Blatny,P}) (27... Rg8 {
Anand} 28. Qd3 Nf4 (28... Qxh4 29. Rxd5 Bxd5 30. Qxd5 $44) 29. Qxd6 (29. Qe3
Qxh4 30. Qxa7 Bxg2 $19) 29... Nh3+ (29... Qxh4 30. Qxe5+ Rg7 31. g3 $1) 30. Kh1
Nxf2+ 31. Kg1 Nxd1 32. Qxe5+ Rg7 33. Nf5 Ba8 34. Nxg7 Rxg7 $17)) (27. Ng6+ $5 {
Anand} hxg6 28. Qh3+ Kg7 (28... Kg8 29. Bc4) 29. Rdxd5 Bxd5 30. Rxd5 Raf7 31.
Rd2 Qb6 $15) (27. Nf5 {Anand} Qg5 (27... Nxb4 28. Qe3 Nc6 29. Rxe5 (29. Rad5
Rxf5 30. Rxd6 Qb8 31. Bd3 $40) 29... Nxe5 30. Qxa7 $16) 28. Raxd5 (28. g4 Nxc3
$19) 28... Rxf5 29. Qd3 Bxd5 30. Qxd5 $44) 27... Nf4 28. Qh6 Rf6 29. Qg5 Bxg2
$1 $19 30. Bxg2 Rg7 31. Qxg7+ (31. Qxe5 Nh3+ 32. Kf1 (32. Kh1 Nxf2+ 33. Kg1
Nxd1 $19) 32... Rxf2+ 33. Ke1 Qxh4 $19) 31... Kxg7 32. Rxe5 Qc8 $1 33. Re7+ $8
(33. Rg5+ Kh6 34. Nf3 (34. Rg3 {Anand} Ne2+ $19) 34... Qxc3 $19) 33... Rf7 34.
Rxf7+ Kxf7 35. Bd5+ (35. Rxd6 Qg4 36. Rxa6 Nh3+ $19) (35. h3 Qxc3 (35... Nxh3+
36. Bxh3 Qxh3 37. Ng2) 36. Rxd6 Ne2+ (36... Qe1+ $17 {Anand}) 37. Kf1 Qa1+ 38.
Kxe2 Qe5+ $19) 35... Kf8 36. Ng2 (36. Bf3 {Anand} Qxc3) 36... Qg4 37. Rd2 Qg5
0-1